| 000 | 01311nam a2200337 i 4500 | ||
|---|---|---|---|
| 999 |
_c65605 _d65605 |
||
| 001 | 768714001 | ||
| 003 | CO-MdFUSB | ||
| 005 | 20200827141512.0 | ||
| 007 | ta | ||
| 008 | 200401t2015 -us |||| |||| 00| 0 eng d | ||
| 020 | _a9780801047183 | ||
| 040 |
_aCO-MdFUSB _bspa _cCO-MdFUSB _dCO-MdFUSBC _erda |
||
| 041 | _aeng | ||
| 082 |
_223 _a226.306 _bM728 |
||
| 100 |
_aMoloney, Francis J. _eautor |
||
| 245 | 1 |
_aMark : _bstoryteller, interpreter, evangelist _c/ Francis J Moloney |
|
| 264 | 1 |
_aEstados Unidos : _bBaker Academic, _c[2015] |
|
| 264 | 4 | _c© 2015 | |
| 300 |
_a224 pàginas _c; 22 cm |
||
| 336 |
_2rdacontent _atexto _btxt |
||
| 337 |
_2rdamedia _asin mediación _bn |
||
| 338 |
_2rdacarrier _avolumen _bnc |
||
| 500 | _aColección Dawn Christina Harrell | ||
| 505 | _aEl autor de Marcos en la historia. -- Historia y teología. -- La historia de Marcos. -- Marcos 1: 1-8: 30: ¿quién es Jesús? -- Marcos 8: 31-16: 8: hijo del hombre, Cristo e hijo de Dios. -- Marque el intérprete de Jesús de Nazaret. -- Marque el intérprete de la comunidad cristiana. -- Las buenas nuevas del Evangelio de Marcos. | ||
| 563 | _aRústico | ||
| 630 | 0 | 7 |
_aBiblia _xCrítica, interpretación, etc. |
| 630 | 0 | 7 |
_aBiblia. _pMarcos |
| 942 | _cBK | ||
| 945 |
_aJTF-925 _bAEM-53 |
||